00331nam a2200145Ia 4500008004100000020001600041050000900057050001500066100002000081245002300101260001400124260002100138260000900159300001700168170203s9999 xx 000 0 und d a0-439853192 aFic  b.K97d 2004 aKutner, Merrily aDown on the Farm / aNew York: bScholastic Inc., c2004 bcol. ill. ;